Joe Exotic Filmography - Statistics

General Stats
  • This quiz has been taken 12 times
    2 since last reset
  • The average score is 3 of 9
Answer Stats
Type Year Name % Correct
TV Documentary 2013 Joe Exotic - The Tiger King
100%
Documentary Series 2020-2021 Tiger King
100%
Documentary 2016 The Life Exotic: Or the Incredible True Story of Joe Schreibvogel
50%
Music Video 2015 Here Kitty Kitty
0%
Music Video 2013 I Saw a Tiger
0%
Documentary Mini-Series 2020 Joe Exotic: Tigers, Lies and Cover-Up
0%
TV Documentary 2011 Louis Theroux: America's Most Dangerous Pets
0%
Short Documentary 2014 The Exotic King
0%
Documentary Mini-Series 2021 Tiger King: The Doc Antle Story
0%
No matching quizzes found
Score Distribution
Percent of People with Each Score
Percentile by Number Answered
Your Score History
You have not taken this quiz since the last reset